000
00344nam a2200145Ia 4500
008
150201s2006 xx 000 0 und d
082
_a
616.07
_b
L06M
100
_a
MEHDI , SR.
245
_a
LABORATRY PROCEDURES IN HAEMATOLOGY
250
_a
1ST
260
_b
JAYPEE
_a
DELHI
_c
2006
300
_a
Jan-96
650
_a
PATHOLOGY
942
_2
ddc
_c
BK
999
_c
1610
_d
1610